L'envie d'aimer - Daniel Levi : Paroles - Statistiques

Statistiques générales
  • Ce quiz a été pris 50 fois
  • Le résultat moyen est 175 sur 202
Statistiques - réponses
Paroles % Correct
ce
100%
a
98%
de
98%
la
98%
le
98%
nous
98%
se
98%
sera
98%
d'aimer
95%
dès
95%
des
95%
donne
95%
l'amour
95%
l'envie
95%
que
95%
qu'on
95%
tellement
95%
C'est
93%
c'est
93%
chemin
93%
pour
93%
partagé
90%
soir
90%
vouloir
90%
aura
88%
demain
88%
donner
88%
saura
88%
qui
86%
veut
86%
vraiment
83%
simple
79%
aussi
76%
temps
74%
tout
74%
faire
71%
mais
71%
rien
71%
pourtant
69%
vie
69%
fragile
62%
croire
60%
d'y
60%
l'entend
60%
chercher
57%
possible
57%
une
57%
autour
55%
regarde
55%
ne
52%
plus
52%
qu'il
52%
après
50%
court
50%
peine
50%
vaut
50%
courir
45%
vivre
45%
laisse
43%
nuit
40%
fort
38%
depuis
36%
en
36%
puisqu'on
19%
vies
19%
l'attend
12%
Aucun quiz correspondant
Distribution des résultats
% des personnes avec chaque résultat
Percentile par nombre de réponses
Votre historique - résultats
Vous n’avez pas pris ce quiz